Progress in cardiovascular diseases (Registro nro. 29513)

Detalles MARC
000 -CABECERA
Longitud fija campo de control 00477nam a22001697a 4500
003 - IDENTIFICADOR DELl NÚMERO DE CONTROL
Identificador del número de control OSt
005 - FECHA Y HORA DE LA ÚLTIMA TRANSACCIÓN
Fecha y hora de la última transacción 20180813114301.0
008 - CÓDIGOS DE INFORMACIÓN DE LONGITUD FIJA
Códigos de información de longitud fija 180615b xxu||||| |||| 00| 0 eng d
040 ## - FUENTE DE LA CATALOGACIÓN
Centro catalogador de origen BMC
Centro transcriptor BMC
082 ## - NÚMERO DE LA CLASIFICACIÓN DECIMAL DEWEY
Númeroo de clasificación 616.12
245 00 - MENCIÓN DE TÍTULO
Título Progress in cardiovascular diseases
Mención de responsabilidad, etc. Jay N. Cohn, Editor in chief
260 ## - PUBLICACIÓN, DISTRIBUCIÓN, ETC. (PIE DE IMPRENTA)
Lugar de publicación, distribución, etc. Chicago
Nombre del editor, distribuidor, etc. Harcourt Brace & Company
Fecha de publicación, distribución, etc. 1999-2000
300 ## - DESCRIPCIÓN FÍSICA
Extensión 500 p.
Dimensiones 28 cm
650 24 - PUNTO DE ACCESO ADICIONAL DE MATERIA - TÉRMINO DE MATERIA
9 (RLIN) 24283
Término de materia o nombre geográfico como elemento inicial Cardiología
700 1# - PUNTO DE ACCESO ADICIONAL - NOMBRE DE PERSONA
9 (RLIN) 42718
Nombre de persona Cohn, Jay N.‏
942 ## - ENTRADA DE ELEMENTOS AGREGADOS (KOHA)
Fuente de clasificaión o esquema Dewey Decimal Classification
Koha [por defecto] tipo de item 2- Prensa y Revistas
Existencias
Suprimido Perdido Fuente de clasificación o esquema Estropeado Restricciones de uso No para préstamo Código de colección Localización permanente Localización actual Localización en estanter&íacute;as Fecha adquisición Fuente de adquisición Número de inventario Préstamos totales Signatura completa Código de barras Fecha última consulta Fecha del precio de reemplazo Tipo de item de Koha
NULL NULL Dewey Decimal Classification NULL NULL NULL NULL Biblioteca Miguel de Cervantes - UNICAES Biblioteca Miguel de Cervantes - UNICAES Sala Principal 30/06/2008 Donación - Romeo Tovar Astorga 000020   MED-000020 (v.42) 1044339 16/06/2018 16/06/2018 2- Prensa y Revistas